000 00573cam a2200193 4500500
005 20260405001306.0
041 _afre
042 _adc
100 1 0 _aLequin, Mathilde
_eauthor
245 0 0 _aEdmund Husserl. À la rencontre du monde
260 _c2012.
500 _a83
690 _aChoses
690 _aMerleau-Ponty
690 _aPhénomène
690 _aVienne
786 0 _nPhilosophie magazine | 60 | 6 | 2012-06-01 | p. 21-22 | 1951-1787
856 4 1 _uhttps://shs.cairn.info/magazine-philosophie-magazine-2012-6-page-21?lang=fr&redirect-ssocas=7080
999 _c2046041
_d2046041